Der Briefwechsel zwischen Philipp Hainhofer und Herzog August d. J. von Braunschweig-Lüneburg
Saved in:
| Main Authors: | |
|---|---|
| Other Authors: | |
| Document Type: | Book |
| Language: | German Italian |
| Published: |
München
: Dt. Kunstverl.
, 1984
|
| Series: | Forschungshefte / Bayerisches Nationalmuseum München
8 |
| Subjects: | |
| Online Access: | Inhaltsverzeichnis Inhaltsverzeichnis |
| Related Items: | Rezension:
"Überschicke ich hiemit ghorsambst den Catalogum der von den Hörmanischen und Heinzlischen Erben erkhaufte Büecher ..." |
| Author Notes: | bearb. von Ronald Gobiet |
| LEADER | 06493cam a2201153 c 4500 | ||
|---|---|---|---|
| 001 | 024478768 | ||
| 003 | DE-627 | ||
| 005 | 20260609211033.0 | ||
| 007 | tu | ||
| 008 | 840725s1984 gw ||||| 00| ||ger c | ||
| 015 | |a 83,N07,0317 |2 dnb | ||
| 015 | |a 84,A22,0899 |2 dnb | ||
| 016 | 7 | |a 830226125 |2 DE-101 | |
| 020 | |a 3422007369 |9 3-422-00736-9 | ||
| 035 | |a (DE-627)024478768 | ||
| 035 | |a (DE-603)029439434 | ||
| 035 | |a (DE-576)009248706 | ||
| 035 | |a (DE-599)GBV024478768 | ||
| 035 | |a (OCoLC)1532373674 | ||
| 035 | |a (OCoLC)10993502 | ||
| 035 | |a (OCoLC)230624393 | ||
| 035 | |a (AT-OBV)AC01025939 | ||
| 035 | |a (DE-604)800219144x | ||
| 040 | |a DE-627 |b ger |c DE-627 |e rakwb | ||
| 041 | |a ger |a ita | ||
| 044 | |c XA-DE |c XA-DE-BY | ||
| 082 | 0 | |a 709.2 |q OCLC | |
| 084 | |a 63 |2 sdnb | ||
| 084 | |a 63 |a 46 |2 sdnb | ||
| 084 | |a 9,10 |2 ssgn | ||
| 084 | |a NN 3150 |2 rvk |0 (DE-625)rvk/126775: | ||
| 084 | |a GH 9999 |2 rvk |0 (DE-625)rvk/40514: | ||
| 084 | |a NS 4500 |2 rvk |0 (DE-625)rvk/130807: | ||
| 084 | |a LI 99999 |2 rvk |0 (DE-625)rvk/97471: | ||
| 084 | |a LH 65000 |2 rvk |0 (DE-625)rvk/94517: | ||
| 084 | |a 15.07 |2 bkl | ||
| 084 | |a 18.10 |2 bkl | ||
| 084 | |a 15.56 |2 bkl | ||
| 100 | 1 | |a Hainhofer, Philipp |d 1578-1647 |e VerfasserIn |0 (DE-588)118700804 |0 (DE-627)079482937 |0 (DE-576)209308729 |4 aut | |
| 245 | 1 | 4 | |a Der Briefwechsel zwischen Philipp Hainhofer und Herzog August d. J. von Braunschweig-Lüneburg |c bearb. von Ronald Gobiet |
| 246 | 3 | 0 | |a dem Jüngeren |
| 264 | 1 | |a München |b Dt. Kunstverl. |c 1984 | |
| 300 | |a 934 S. |c 25 cm | ||
| 336 | |a Text |b txt |2 rdacontent | ||
| 337 | |a ohne Hilfsmittel zu benutzen |b n |2 rdamedia | ||
| 338 | |a Band |b nc |2 rdacarrier | ||
| 490 | 1 | |a Forschungshefte / Bayerisches Nationalmuseum München |v 8 | |
| 500 | |a Literaturverz. S. 863 - 870 | ||
| 583 | 1 | |a Archivierung/Langzeitarchivierung gewährleistet |f SSG |x XA-DE-BW |2 pdager |5 DE-16 | |
| 583 | 1 | |a Archivierung/Langzeitarchivierung gewährleistet |f REG |x XA-DE-NI |z Niedersachsen |2 pdager |5 DE-35 | |
| 600 | 1 | 7 | |0 (DE-588)118700804 |0 (DE-627)079482937 |0 (DE-576)209308729 |a Hainhofer, Philipp |d 1578-1647 |2 gnd |
| 600 | 0 | 7 | |0 (DE-588)118505076 |0 (DE-627)079309526 |0 (DE-576)163036381 |a August |c Braunschweig-Lüneburg, Herzog |d 1579-1666 |2 gnd |
| 600 | 0 | 7 | |0 (DE-588)118651099 |0 (DE-627)079436579 |0 (DE-576)176067302 |a August |c Braunschweig-Lüneburg, Herzog, 1568-1636 |d 1568-1636 |2 gnd |
| 600 | 1 | 4 | |a Hainhofer, Philipp |
| 600 | 1 | 4 | |a August <Braunschweig-Wolfenbüttel, Herzog, der Jüngere> |
| 648 | 7 | |a Geschichte 1613-1647 |2 gnd | |
| 650 | 0 | 7 | |0 (DE-588)4208853-7 |0 (DE-627)105109045 |0 (DE-576)210188367 |a Kunstbetrieb |2 gnd |
| 650 | 4 | |a Jahrhundert, 17. / Geistes- und Kulturleben | |
| 651 | 7 | |0 (DE-588)4011882-4 |0 (DE-627)104704861 |0 (DE-576)208896155 |a Deutschland |2 gnd | |
| 655 | 7 | |a Briefsammlung |0 (DE-588)4146609-3 |0 (DE-627)104269936 |0 (DE-576)209750472 |2 gnd-content | |
| 655 | 7 | |a Quelle |0 (DE-588)4135952-5 |0 (DE-627)105661236 |0 (DE-576)209665084 |2 gnd-content | |
| 689 | 0 | 0 | |d p |0 (DE-588)118700804 |0 (DE-627)079482937 |0 (DE-576)209308729 |a Hainhofer, Philipp |d 1578-1647 |2 gnd |
| 689 | 0 | 1 | |d p |0 (DE-588)118505076 |0 (DE-627)079309526 |0 (DE-576)163036381 |a August |c Braunschweig-Lüneburg, Herzog |d 1579-1666 |2 gnd |
| 689 | 0 | |5 (DE-627) | |
| 689 | 1 | 0 | |d s |0 (DE-588)4114333-4 |0 (DE-627)105822957 |0 (DE-576)209483733 |a Kunst |2 gnd |
| 689 | 1 | 1 | |d s |0 (DE-588)4004541-9 |0 (DE-627)106385380 |0 (DE-576)208856447 |a Barock |2 gnd |
| 689 | 1 | 2 | |d s |0 (DE-588)4208853-7 |0 (DE-627)105109045 |0 (DE-576)210188367 |a Kunstbetrieb |2 gnd |
| 689 | 1 | 3 | |a z |2 gnd |a Geschichte 1600-1650 |
| 689 | 1 | |5 (DE-627) | |
| 700 | 0 | |a August |c Braunschweig-Lüneburg, Herzog |d 1579-1666 |e VerfasserIn |0 (DE-588)118505076 |0 (DE-627)079309526 |0 (DE-576)163036381 |4 aut | |
| 700 | 1 | |a Gobiet, Ronald |d 1947- |e HerausgeberIn |0 (DE-588)1022410040 |0 (DE-627)716964287 |0 (DE-576)16113517X |4 edt | |
| 787 | 0 | 8 | |i Rezension |a Alfter, Dieter, 1949 - |t "Überschicke ich hiemit ghorsambst den Catalogum der von den Hörmanischen und Heinzlischen Erben erkhaufte Büecher ..." |d 1986 |h Online-Ressource |w (DE-627)1470090937 |w (DE-576)400090937 |
| 810 | 2 | |a Bayerisches Nationalmuseum |t Forschungshefte / Bayerisches Nationalmuseum München |v 8 |9 8 |w (DE-627)129418404 |w (DE-576)008516375 |w (DE-600)189751-2 |7 am | |
| 856 | 4 | 2 | |u http://d-nb.info/830226125/04 |m V:DE-605 |q application/pdf |3 Inhaltsverzeichnis |7 1 |
| 856 | 4 | 2 | |u http://scans.hebis.de/HEBCGI/show.pl?02943943_toc.pdf |m V:DE-605 |q application/pdf |3 Inhaltsverzeichnis |7 1 |
| 935 | |i Blocktest | ||
| 936 | r | v | |a NN 3150 |b Geistes- und Kulturgeschichte |k Geschichte |k Neuere Geschichte |k Zeitalter der Gegenreformation und des Dreißigjährigen Krieges (1555 - 1648) |k Geschichte der Gegenreformation (1555 - 1648) |k Geistes- und Kulturgeschichte |0 (DE-627)1270815563 |0 (DE-625)rvk/126775: |0 (DE-576)200815563 |
| 936 | r | v | |a GH 9999 |b Sonstige |k Germanistik. Niederlandistik. Skandinavistik |k Deutsche Literatur |k Das Zeitalter des Barock |k Literaturgeschichte |k Einzelne Autoren |k Sonstige |0 (DE-627)1270648713 |0 (DE-625)rvk/40514: |0 (DE-576)200648713 |
| 936 | r | v | |a NS 4500 |b Geistes- und Kulturgeschichte |k Geschichte |k Bayerische Landesgeschichte |k Geschichte der einzelnen Landesteile |k Altbayern |k Herzogtum und Kurfürstentum Bayern (1506 - 1799) |k Konfessionelles Zeitalter (1506 - 1652) |k Geistes- und Kulturgeschichte |0 (DE-627)1271475960 |0 (DE-625)rvk/130807: |0 (DE-576)201475960 |
| 936 | r | v | |a LI 99999 |b Sonstige |k Kunstgeschichte |k Künstler-Monografien |k Sonstige |0 (DE-627)1270635948 |0 (DE-625)rvk/97471: |0 (DE-576)200635948 |
| 936 | r | v | |a LH 65000 |b Kunstgeschichte der Welt oder Europas |k Kunstgeschichte |k Allgemeines. Allgemeine Kunstgeschichte |k Allgemeine Kunstgeschichte: Darstellungen |k Gesamtdarstellungen |k Kunstgeschichte der Welt oder Europas |0 (DE-627)127065232X |0 (DE-625)rvk/94517: |0 (DE-576)20065232X |
| 936 | b | k | |a 15.07 |j Kulturgeschichte |0 (DE-627)181569620 |
| 936 | b | k | |a 18.10 |j Deutsche Literatur |0 (DE-627)106405047 |
| 936 | b | k | |a 15.56 |j Bayern |x Geschichte |q coli-conc RVK->BK |q https://coli-conc.gbv.de/api/mappings/43c653ef-dd5b-4ab8-994c-d6da9cf453c9 |0 (DE-627)181571625 |
| 936 | s | n | |a g100 |2 mzub |
| 936 | s | n | |a l300 |2 mzub |
| 936 | s | n | |a n100 |2 mzub |
| 936 | s | n | |a n200 |2 mzub |
| 936 | s | n | |a n300 |2 mzub |
| 936 | s | n | |a n400 |2 mzub |
| 951 | |a BO | ||
| 990 | |a Hainhofer, Philipp | ||
| 990 | |a August <Braunschweig-Lüneburg, Herzog> | ||
| 990 | |a Kunst | ||
| 990 | |a Barock | ||
| 990 | |a Kunstbetrieb | ||
| 990 | |a Geschichte 1600-1650 | ||
| 991 | |a Rezensiertes Werk | ||
| 999 | |a KXP-PPN024478768 |e 4002787710 | ||


